The use of pesticides of farmers on vegetable crops in areas arond thnom phen, (ការប្រើប្រាស់ថ្នាំពុលកសិកម្ម របស់កសិករលើដំណាំ បន្លែ នៅតំបន់ជំវិញរាជធានីភ្នំពេញ). (Record no. 334)

000 -LEADER
fixed length control field 00670nam a22001577a 4500
003 - CONTROL NUMBER IDENTIFIER
control field OSt
005 - DATE AND TIME OF LATEST TRANSACTION
control field 20150912164016.0
008 - FIXED-LENGTH DATA ELEMENTS--GENERAL INFORMATION
fixed length control field 150912b xxu||||| |||| 00| 0 eng d
040 ## - CATALOGING SOURCE
Transcribing agency RUA
082 ## - DEWEY DECIMAL CLASSIFICATION NUMBER
Classification number AGR KER 1996 BOO17 Or.1
100 ## - MAIN ENTRY--PERSONAL NAME
9 (RLIN) 352
Personal name KER MONTHIVUTH
245 ## - TITLE STATEMENT
Title The use of pesticides of farmers on vegetable crops in areas arond thnom phen, (ការប្រើប្រាស់ថ្នាំពុលកសិកម្ម របស់កសិករលើដំណាំ បន្លែ នៅតំបន់ជំវិញរាជធានីភ្នំពេញ).
260 ## - PUBLICATION, DISTRIBUTION, ETC. (IMPRINT)
Place of publication, distribution, etc. phnom phen
Name of publisher, distributor, etc. RUA
Date of publication, distribution, etc. 1996
300 ## - PHYSICAL DESCRIPTION
Extent 105P.
Other physical details ILL.
Dimensions 29CM.
942 ## - ADDED ENTRY ELEMENTS (KOHA)
Source of classification or shelving scheme
Koha item type AGR
Holdings
Price effective from Date last seen Permanent Location Not for loan Date acquired Source of classification or shelving scheme Koha item type Lost status Withdrawn status Total Renewals Date last checked out Total Checkouts Shelving location Damaged status Barcode Current Location Full call number
2015-09-122016-09-09Library Block B 2015-09-12 AGR   2016-08-191B017 rua003067Library Block BAGR KER 1996 BOO17 Or.1
2015-09-142019-11-16Library Block B 2015-09-14 AGR  12019-09-036  rua008004Library Block BAGR KER 1996 BOO17 Or.2
មជ្ឈមណ្ឌលឯការនៃសាកលវិទ្យាល័យភូមិន្ទកសិកម្មចំការដូង

Powered by Koha